LDR 00956naa#a2200181#i#450# 001 RU\\bibl\120532 005 20260503191855.7 011 ## _a2500-1825 100 ## _a20260331b2026####ek#y0rusy0150####ca 102 ## _aRU 200 1# _aЭКОНОМИЧЕСКАЯ ЭФФЕКТИВНОСТЬ ПРИРОДООХРАННЫХ ИНВЕСТИЦИЙ И ИХ ВЛИЯНИЕ НА КЛЮЧЕВЫЕ СЕКТОРЫ РЕГИОНАЛЬНОЙ ЭКОНОМИКИ: АПК И ЗДРАВООХРАНЕНИЕ _eЖурнальная статья 210 1# _aКрасноярск _cКрасноярский государственный аграрный университет _d2026 215 ## _a9 с. 608 ## _aЖурнальная статья _2local 675 ## _aЭкономика. Народное хозяйство. Экономические науки. 33 _z 700 #1 _aХахук _gСаида Алиевна 700 #1 _aХахук _gБэла Адамовна 856 4# _asej.kgau.ru _u